LEADER 01872aam 2200493I 450 001 9910710247803321 005 20160309011335.0 024 8 $aGOVPUB-C13-c799a9a55489a188aaec4fc8734c3f2e 035 $a(CKB)5470000002476809 035 $a(OCoLC)944187810 035 $a(EXLCZ)995470000002476809 100 $a20160309d1979 ua 0 101 0 $aeng 181 $2rdacontent 182 $2rdamedia 183 $2rdacarrier 200 10$aTask 1 $einvestigation of the performance of solar heating and cooling systems : data requirements and thermal performance evaluation procedures for solar heating and cooling systems /$fAndre Pilatte; J. Lemming; Ove Jorgensen; David Curtis; Richard Bruno; Tatsuo Inooka; Chris van Koppen; Per Isakson; Guy-Ronald Perrin; Andre Faist 210 1$aGaithersburg, MD :$cU.S. Dept. of Commerce, National Institute of Standards and Technology,$d1979. 215 $a1 online resource 225 1 $aNBSIR ;$v80-1980 300 $a1979. 300 $aContributed record: Metadata reviewed, not verified. Some fields updated by batch processes. 300 $aTitle from PDF title page. 320 $aIncludes bibliographical references. 517 $aTask 1 700 $aPilatte$b Andre$01397349 701 $aBruno$b Richard$01397350 701 $aCurtis$b David$0402832 701 $aFaist$b Andre? P$01397351 701 $aInooka$b Tatsuo$01397352 701 $aIsakson$b Per$01397353 701 $aJorgensen$b Ove$0408474 701 $aLemming$b J$01397354 701 $aPerrin$b Guy-Roland$01397355 701 $aPilatte$b Andre$01397349 701 $avan Koppen$b Chris$01397356 712 02$aUnited States.$bNational Bureau of Standards. 801 0$bNBS 801 1$bNBS 801 2$bGPO 906 $aBOOK 912 $a9910710247803321 996 $aTask 1$93458840 997 $aUNINA LEADER 03578nam 2200997 a 450 001 9910788991903321 005 20230208212149.0 010 $a0-19-179001-X 010 $a1-282-75854-3 010 $a9786612758546 010 $a0-520-90531-8 024 7 $a10.1525/9780520905313 035 $a(CKB)3390000000006963 035 $a(EBL)837166 035 $a(OCoLC)773564882 035 $a(SSID)ssj0000444928 035 $a(PQKBManifestationID)11262551 035 $a(PQKBTitleCode)TC0000444928 035 $a(PQKBWorkID)10481653 035 $a(PQKB)11222203 035 $a(StDuBDS)EDZ0001249026 035 $a(OCoLC)868834597 035 $a(MdBmJHUP)muse30576 035 $a(DE-B1597)520790 035 $a(DE-B1597)9780520905313 035 $a(Au-PeEL)EBL837166 035 $a(CaPaEBR)ebr10676164 035 $a(CaONFJC)MIL275854 035 $a(MiAaPQ)EBC837166 035 $a(EXLCZ)993390000000006963 100 $a20130402d1974 uy 0 101 0 $aeng 135 $aurcn||||||||| 181 $ctxt 182 $cc 183 $acr 200 04$aThe works of John Dryden$b[electronic resource] $hVolume XVIII $eprose : the history of the league 1684 210 $aBerkeley $cUniversity of California Press$d1974 215 $a1 online resource (593 p.) 225 0 $aWorks of John Dryden ;$v18 225 0 $aThe Complete Works of John Milton 300 $aDescription based upon print version of record. 311 0 $a0-520-02131-2 320 $aIncludes bibliographical references and index. 327 $tFront matter --$tAcknowledgments --$tContents --$tIllustrations --$tTHE HISTORY OF THE LEAGUE --$tCommentary --$tTEXTUAL NOTES --$tA. Glossary of technical terms, titles, and offices --$tB. "The Table." An Index printed with The History of the League in 1684 --$tIndex to the Commentary 330 $aThis volume contains Dryden's 1684 translation of Louis Maimbourg's "The History of the League," a work relating to the religious wars of France in the preceding century, and which Dryden used as a commentary on the religious persecutions of his own time in England. 410 0$aWorks of John Dryden 606 $aLITERARY CRITICISM / European / English, Irish, Scottish, Welsh$2bisacsh 610 $a17th century. 610 $abritish history. 610 $abritish monarchy. 610 $acalvinism. 610 $acatholic. 610 $adiscrimination. 610 $afrance. 610 $afrench history. 610 $ahistory of the league. 610 $ahuguenots. 610 $ajustice. 610 $aking. 610 $alouis maimbourg. 610 $amercy. 610 $apeace. 610 $apolitical writing. 610 $apolitics. 610 $aprejudice. 610 $aprotestant. 610 $arebellion. 610 $areligion. 610 $areligious freedom. 610 $areligious persecution. 610 $arestoration england. 610 $arestoration. 610 $awar. 615 7$aLITERARY CRITICISM / European / English, Irish, Scottish, Welsh. 676 $a822/.4 700 $aDryden$b John$4aut$4http://id.loc.gov/vocabulary/relators/aut$0166214 702 $aDearing$b Vinton A$g(Vinton Adams),$f1920-2005.,$4edt$4http://id.loc.gov/vocabulary/relators/edt 702 $aRoper$b Alan$4edt$4http://id.loc.gov/vocabulary/relators/edt 801 0$bMiAaPQ 801 1$bMiAaPQ 801 2$bMiAaPQ 906 $aBOOK 912 $a9910788991903321 996 $aWorks of John Dryden$9911138 997 $aUNINA